- Programa Internacional para la Evaluación de Estudiantes
Entry Nombre Corporativo
001 - NÚMERO DE CONTROL
- campo de control: 11932
003 - IDENTIFICADOR DE NUMERO DE CONTROL
- campo de control: UPN
005 - FECHA Y HORA DE LA ÜLTIMA TRANSACCIÓN
- campo de control: 20250918101447.0
008 - DATOS DE LONGITUD FIJA
- campo de control de longitud fija: 250918nabacnnnaabn b |nc |d
035 ## - NÚMERO DE CONTROL
- Número de control: UPN10000011939
040 ## - FUENTE DE CATALOGACIÓN
- Lenguaje de catalogación: SPA
- Agencia transcribe: MX-MxUPN
053 #4 - NÚMERO DE CLASIFICACIÓN LC
- Classification number element--single number or beginning number of span: LB3060.33 P5
110 2# - ENCABEZAMIENTO - NOMBRE CORPORATIVO
- Nombre corporativo o de jurisdicción como elemento de entrada : Programa Internacional para la Evaluación de Estudiantes
410 2# - MENCIÓN DE REFERENCIA “VÉASE” – NOMBRE DE ENTIDAD CORPORATIVA
- Corporate name or jurisdiction name as entry element: PISA
410 2# - MENCIÓN DE REFERENCIA “VÉASE” – NOMBRE DE ENTIDAD CORPORATIVA
- Corporate name or jurisdiction name as entry element: OCED/PISA
410 2# - MENCIÓN DE REFERENCIA “VÉASE” – NOMBRE DE ENTIDAD CORPORATIVA
- Corporate name or jurisdiction name as entry element: Programme for Internacional Student Assesment
410 2# - MENCIÓN DE REFERENCIA “VÉASE” – NOMBRE DE ENTIDAD CORPORATIVA
- Corporate name or jurisdiction name as entry element: Programme for International Student Achievement
410 2# - MENCIÓN DE REFERENCIA “VÉASE” – NOMBRE DE ENTIDAD CORPORATIVA
- Corporate name or jurisdiction name as entry element: Proyecto Internacional para la Producción de Indicadores de Resultados Educativos de los Alumnos
670 ## - FUENTE EN LA QUE SE LOCALIZARON DATOS
- Cita de la fuente : LC
- Información localizada: Programme for International Student Assessmet
902 ## - CATALOGADOR
- Catalogador: MMA/240309
